Vainqueurs des ATP finals - Statistiques

Statistiques générales
  • Ce quiz a été pris 61 fois
  • Le résultat moyen est 26 sur 35
Statistiques - réponses
Champions % Correct
2023 Djokovic
100%
2022 Djokovic
100%
2015 Djokovic
100%
2014 Djokovic
100%
2013 Djokovic
100%
2012 Djokovic
100%
2008 Djokovic
100%
2011 Federer
98%
2010 Federer
98%
2007 Federer
98%
2006 Federer
98%
2004 Federer
98%
2003 Federer
98%
2024 Sinner
95%
2016 Murray
91%
2020 Medvedev
84%
2021 Zverev
79%
2018 Zverev
79%
1990 Agassi
74%
2019 Tsitsipas
74%
1999 Sampras
67%
1997 Sampras
67%
1996 Sampras
67%
1994 Sampras
67%
1991 Sampras
67%
2017 Dimitrov
59%
1995 Becker
38%
1992 Becker
38%
2009 Davydenko
38%
2002 Hewitt
38%
2001 Hewitt
38%
2000 Kuerten
38%
2005 Nalbandian
36%
1998 Corretja
16%
1993 Stich
14%
Aucun quiz correspondant
Distribution des résultats
% des personnes avec chaque résultat
Percentile par nombre de réponses
Votre historique - résultats
Vous n’avez pas pris ce quiz